Can you name every Femtanyl song? - Statistics

General Stats
  • This quiz has been taken 194 times
    137 since last reset
  • The average score is 16 of 23
Answer Stats
Year Released Song % Correct
2023 KATAMARI
94%
2023 GIRL HELL 1999
90%
2023 PUSH UR T3MPRR
88%
2023 P3T
87%
2023 MURDER EVERY 1 U KNOW!
86%
2024 ATTACKING VERTICAL
84%
2023 DINNER!
83%
2023 LOVESICK, CANNIBAL
81%
2023 DOGMATICA
80%
2024 AND IM GONE
79%
2024 WORLDWID3
78%
2023 ACT RIGHT
72%
2025 NASTYWERKKKK
72%
2024 M3 n MIN3
71%
2023 S33K H3LP
71%
2024 ITS TIME
70%
2024 WEIGHTLESS!
67%
2025 LOTTERY
64%
2023 I MIGHT B3 SICK
62%
2023 PUPPYPLAY!
44%
2025 BOTHERED!
39%
2024 PICKMEUP!
36%
2023 xX_N3VR_SAID_GOODBY3_Xx
34%
No matching quizzes found
Score Distribution
Percent of People with Each Score
Percentile by Number Answered
Your Score History
You have not taken this quiz since the last reset